Statistics for Fortnite Named Locations (UPDATED!!)

Click here to take the quiz!

General Stats

  • This quiz has been taken 30 times
    (25 since last reset)
  • The average score is 12 of 17

Answer Stats

Answer% Correct
Misty Meadows
82%
Retail Row
82%
Lazy Lake
76%
Salty Towers
76%
Slurpy Swamp
76%
Steamy Stacks
76%
Weeping Woods
76%
Catty Corner
71%
Craggy Cliffs
71%
Dirty Docks
71%
Holly Hedges
71%
Pleasant Park
71%
Coral Castle
65%
Hunter's Haven
65%
Sweaty Sands
65%
Stealthy Stronghold
47%
Colossal Colosseum
24%

Score Distribution

Percentile by Number Answered

Percent of People with Each Score

Your Score History

You have not taken this quiz since the last reset